| 000 | 03667nam a2200301 a 4500 | ||
|---|---|---|---|
| 001 | 000000220 | ||
| 003 | DO-SdBNP | ||
| 005 | 20180406113300.0 | ||
| 008 | 081127s2005 dr 000 0 spa d | ||
| 020 | _a9789945406290 | ||
| 020 | _a | ||
| 040 |
_aBPMSU _bspa _cBPMSU |
||
| 082 |
_a320.1 _bB742e, 2005 |
||
| 100 | 1 |
_aBosch, Juan, _d1909-2001 |
|
| 245 | 1 | 3 |
_aEl estado : _bsus orígenes y desarrollo / _cJuan Bosch. |
| 250 | _a4a ed. | ||
| 260 |
_aSanto Domingo : _bAlfa & Omega, _c2005 |
||
| 300 |
_a315 p. ; _c21 cm. |
||
| 504 | _aBibliografía: 309-312 | ||
| 505 | 0 |
_tLa palabra estado y su doble significación -- _tPatria no significa estado -- _t¿Qué son los estados anómalos? -- _tLas principales ciudades-estados de la historia -- _tAtenas: la ciudad-estado modelo -- _tRoma, el estado más poderoso de la antigüedad -- _tForma en que se organizó el Estado Romano -- _tEl Imperio Romano: su extensión en Europa y en Medio Oriente -- _tUn nuevo Estado: el feudal -- El Estado feudal: su organización y extensión -- _tEl Estado visigodo y el Estado musulmán en España -- _tLos califas en el Estado musulmán -- _tCórdoba, el centro de poder de los Califas Omeyas -- _tLa compleja organización de Al-Andalus -- _tEn el Al-Andalus el jefe religioso era superior al jefe político -- _tEspaña estaba dividida en dos reinos: el de Castilla y el de Aragón -- _tLa inquisición en España, elemento importante del Estado -- _tEl pueblo Maya se organizó en ciudades-Estado -- _tEl Imperio Azteca y los reinos que lo formaban -- _tCómo estaba organizado el imperio Azteca -- _tMás detalles de como funcionaban los reinos Aztecas -- _tEl Estado incaico fue el más poderoso de la América prehispánica -- _tCómo estaba organizada la sociedad incaica -- _tActividad militar y funcionamiento de la justicia en el Estado inca -- _tEl papel del emperador en la sociedad incaica -- _tLas diferencias entre los estados prehispánicos y los de Europa -- _tRichelieu y Mazarino, cogestionarios del estado que encabezó Luis XIV -- _tCómo organizó Luis XIV el Estado Francés -- _tEstados Unidos: el primer Estado libre de influencias feudales -- _tEl primer estado organizado como república que conoció la humanidad -- _tEE.UU.: el primer Estado capitalista conocido en la historia -- _tEn los EE.UU. hay dos poderes elegidos por el pueblo: el ejecutivo y el legislativo -- _tLa Revolución Francesa no organizó el Estado Republicano |
|
| 505 | 0 |
_tEl Estado imperial Francés provocó revoluciones coloniales en el Caribe -- _tImperio, monarquía y república en Haití -- _tDe nuevo república y monarquía en Haití -- _tDe las guerras iberoaméricanas a la creación de repúblicas e imperios -- _tLa monarquía portuguesa en Brasil transformada en imperio -- _tEfectos de la política imperial napoleónica en España, Portugal , México y Brasil -- _tDel imperio de Iturbide en México al fusilamiento de Maximiliano de Habsburgo -- _tDel asesinato de Francisco Fernando de Habsburgo a la revolución rusa -- _tLa Constitución Rusa de 1918 fue sustituida por la de 1936 -- _tLa Constitución de 1936 creó la Unión de Repúblicas Socialistas Soviéticas -- _tOrígenes del Estado pontificio o papal -- _tLos variados estados que funcionaron en Italia -- _tDe la creación del fascismo al estado totalitario -- _tEl Vaticano: Estado anómalo -- _tOrígenes del Estado Alemán -- _tConsecuencias de la derrota alemana en la primera Guerra Mundial -- _tBreve historia del Estado Nazi. |
|
| 650 | 4 | _aESTADO | |
| 650 | 4 |
_aCIENCIA POLÍTICA _xHISTORIA |
|
| 910 | _a | ||
| 942 |
_2ddc _cBK |
||
| 945 | _aRemanejado para la BNPHU, 2018 / VM | ||
| 956 |
_aVMATEO _b10 _c20170216 _lBPMSU _h0069 |
||
| 999 |
_c12553 _d12553 |
||